| 000 | 00607nas a2200217 4500 | ||
|---|---|---|---|
| 001 | BR8904733 | ||
| 003 | BR-BrBNA | ||
| 005 | 20231205091719.0 | ||
| 007 | ta | ||
| 008 | 230509b bl.|||p| |||| 00| 00por d | ||
| 040 |
_aBR-BrBNA _bpor _cBiblioteca Nacional de Agricultura |
||
| 041 | _a(Pt) | ||
| 072 | _aJ10 | ||
| 100 | 1 | _aAnon. | |
| 245 | 1 | _aPrepare o terreno para armazenar a nova safra | |
| 650 | _aARMAZEM | ||
| 650 | _aARMAZENAMENTO | ||
| 773 | 0 |
_tGranja (Brazil) _xISSN 0367-505X _g(Oct 1989), v. 45(498) p. 44-45 _wBR8904733 |
|
| 909 |
_a202311 _bLúcia _c55 _dLúcia Elande |
||
| 942 |
_2AGRIS _n0 _cANA |
||
| 999 |
_c126867 _d126867 |
||